[Event "60th ch-POL w"]
[Site "Krakow POL"]
[Date "2008.02.16"]
[Round "3"]
[White "Przezdziecka,M"]
[Black "Czarnota,D"]
[Result "0-1"]
[WhiteElo "2277"]
[BlackElo "2214"]

1.d4 d5 2.Nf3 c6 3.c4 Nf6 4.Nc3 e6 5.e3 Nbd7 6.Qc2 Bd6 7.b3 O-O 8.Bb2 b6
9.Bd3 Bb7 10.O-O Rc8 11.e4 dxe4 12.Nxe4 Nxe4 13.Bxe4 Nf6 14.Bd3 c5 15.dxc5 Rxc5
16.Bxf6 gxf6 17.Bxh7+ Kg7 18.Be4 Ba6 19.Rfd1 Qb8 20.a4 Rh8 21.h3 f5 22.Qc3+ Kg8
23.Bc2 Bb7 24.Rd2 Bf4 25.Rd7 Bc6 26.Rdd1 a5 27.Qf6 Bc7 28.Ng5 Qf8 29.f4 Bxf4
30.Rd8 Be8 31.Nf3 Rh6 32.Qc3 Bc7 33.Ra8 Rg6 34.Rd1 Qe7 35.Rd4 f6 36.Rh4 Kg7
37.Qe3 Bg3 38.Rd4 Bc6 39.Rad8 Bc7 40.Rc8 Bxf3 41.Qxf3 Bh2+ 42.Kxh2 Rxc8 43.Qd3 Qc7+
44.Kh1 Qe5 45.Rd7+ Kg8 46.Bd1 Rf8 47.Bf3 Rg7 48.Rd6 Kh7 49.Rxb6 Qe1+ 50.Kh2 Rfg8
51.Rd6 Rg3 52.Rd7+ Kh8 53.Qd6 Rxf3 54.Qc7 Rxg2+  0-1

[Event "2nd Int Open Congress"]
[Site "Brentwood ENG"]
[Date "2008.02.17"]
[Round "4"]
[White "Collins,S IRL"]
[Black "Aikhoje,O"]
[Result "0-1"]
[WhiteElo "2394"]
[BlackElo "2260"]

1.Nf3 Nf6 2.c4 c6 3.d4 d5 4.Nc3 e6 5.e3 Bd6 6.Bd3 Nbd7 7.O-O O-O 8.e4 dxc4
9.Bxc4 e5 10.Bg5 Qe7 11.d5 Nb6 12.Bb3 Rd8 13.Qe2 h6 14.Bh4 Nbd7 15.h3 Nf8
16.Nd2 g5 17.Bg3 Ng6 18.Nc4 Bc5 19.Rfd1 Nf4 20.Bxf4 gxf4 21.Rd3 Bd4 22.d6 Qf8
23.g3 b5 24.Na5 Rxd6 25.gxf4 Be6 26.Rad1 Bxb3 27.axb3 Re6 28.f5 Rd6 29.b4 Qe7
30.Kh1 Kh7 31.Rg1 Rg8 32.Rxg8 Kxg8 33.Kh2 Bb6 34.Rg3+ Kh7 35.Rg2 Qd7 36.Nb3 Qc7
37.Nd1 Rd8 38.Ne3 Rg8 39.Rxg8 Kxg8 40.Ng4 Qd6 41.Nxh6+ Kg7 42.Ng4 Qxb4 43.Nxf6 Kxf6
44.Nc1 Qd4 45.Nd3 c5 46.Kg2 a5 47.h4 c4 48.Ne1 a4 49.h5 Kg7 50.Qg4+ Kh6 51.f6 Qxf2+
52.Kh3 Qxf6 53.Nf3 Qf4 54.Qg2 Bd8  0-1

[Event "XXIV Open"]
[Site "Cappelle La Grande FRA"]
[Date "2008.02.17"]
[Round "2"]
[White "Delort,F"]
[Black "Przybylski,W"]
[Result "1/2-1/2"]
[WhiteElo "2182"]
[BlackElo "2373"]

1.d4 d5 2.Nf3 Nf6 3.c4 c6 4.Nc3 e6 5.e3 Nbd7 6.Bd3 dxc4 7.Bxc4 b5 8.Bd3 Bd6
9.O-O O-O 10.a4 b4 11.Ne4 Nxe4 12.Bxe4 Bb7 13.b3 Qc7 14.Bb2 f5 15.Bd3 c5
16.h3 Bd5 17.Rc1 Qb7 18.Bc4 Bxc4 19.Rxc4 Nb6 20.Rc1 Rac8 21.dxc5 Bxc5 22.Qe2 Nd5
23.Rc4 Bd6 24.Rfc1 Nb6 25.Rxc8 Rxc8 26.Rxc8+ Qxc8 27.Qd3 Be7 28.e4 Qd7 29.Qxd7 Nxd7
30.Bd4 fxe4 31.Nd2 Bc5 32.Be3 Bxe3 33.fxe3 Nc5 34.Kf2 Kf7 35.g4 Kf6 36.Kg3 Ke5
37.Kh4 Kd5 38.Kg5 Nd3 39.h4 Ne1 40.Nc4 Nf3+ 41.Kh5 Nd4 42.Nd2 Nc2 43.Nc4 Nxe3
44.Nxe3+ Kd4 45.Ng2 Kc3 46.Kg5 Kxb3 47.a5 Ka2 48.Kf4 b3 49.Ne3 b2 50.Nd1 Kb3
51.Nxb2 Kxb2 52.Kxe4 Kc3 53.Ke5 Kb4 54.a6 Kb5 55.Kxe6 Kxa6 56.Kf7 g6 57.g5 Kb5
58.Kg7 a5 59.Kxh7 a4 60.h5 gxh5 61.g6 a3 62.g7 a2 63.g8=Q a1=Q 64.Qg5+ Kc6
65.Qxh5  1/2-1/2

[Event "10th TCh-Euro sen"]
[Site "Dresden GER"]
[Date "2008.02.17"]
[Round "7"]
[White "Winiwarter,F"]
[Black "Olgac,K"]
[Result "1-0"]
[WhiteElo "2187"]
[BlackElo "2131"]

1.d4 Nf6 2.Nf3 d5 3.c4 e6 4.Nc3 c6 5.e3 Be7 6.Bd3 dxc4 7.Bxc4 b5 8.Bd3 O-O
9.O-O a6 10.e4 c5 11.dxc5 Bxc5 12.e5 Nd5 13.Bxh7+ Kxh7 14.Ng5+ Kg6 15.Qc2+ f5
16.exf6 Kxf6 17.Nce4+ Ke5 18.Qxc5 Qe7 19.f4+ Kf5 20.Qc2 Qa7+ 21.Kh1 Qc7 22.Qd3 Nc6
23.Qh3+  1-0

[Event "10th TCh-Euro sen"]
[Site "Dresden GER"]
[Date "2008.02.17"]
[Round "7"]
[White "Nautsch,W"]
[Black "Peleikis,H"]
[Result "1-0"]
[WhiteElo "2290"]
[BlackElo "2100"]

1.d4 Nf6 2.c4 c6 3.Nc3 d5 4.Nf3 e6 5.e3 Nbd7 6.Bd3 g6 7.O-O Bg7 8.Bd2 O-O
9.Rc1 Re8 10.Qc2 Nb6 11.b3 Bd7 12.Ne5 Rf8 13.Ne2 Nc8 14.Bb4 Ne7 15.Ng3 Re8
16.Rfd1 Nf5 17.Nf1 Bf8 18.Be1 Bd6 19.f4 Kg7 20.Qe2 Be7 21.Qf3 h5 22.Bf2 Rh8
23.Nd2 Qe8 24.e4 dxe4 25.Nxe4 Nxe4 26.Bxe4 Nd6 27.Bb1 Rd8 28.d5 exd5 29.cxd5 cxd5
30.Nxd7 Rxd7 31.Bd4+ f6 32.Qxd5 Qd8 33.Bf2 Rf8 34.f5 g5 35.Qe6 Rf7 36.Qe2 Kh6
37.Rd5 Bf8 38.Rcd1 Rfe7 39.Qd3 Rf7 40.Bc5 Qc7 41.Bxd6 Bxd6 42.Rxd6 Qc5+ 43.Kh1 Rc7
44.Qd4 Qxd4 45.R6xd4 g4 46.g3 Kg5 47.Kg2 Rfe7 48.Kf2 Rc3 49.R4d3 Rc5 50.Rd8 Rce5
51.Bd3 Re3 52.Rg8+ Kh6 53.Rg6+ Kh7 54.Rxf6 Rf3+ 55.Kg2 Rc7 56.Rd6 Kg7 57.Be4 Re3
58.Rd7+  1-0

[Event "Aeroflot Open"]
[Site "Moscow RUS"]
[Date "2008.02.17"]
[Round "4"]
[White "Jussupow,Ar"]
[Black "Sebag,M"]
[Result "1/2-1/2"]
[WhiteElo "2585"]
[BlackElo "2510"]

1.d4 d5 2.c4 c6 3.Nc3 Nf6 4.Nf3 e6 5.e3 Nbd7 6.Qc2 Bd6 7.Bd3 O-O 8.O-O dxc4
9.Bxc4 a6 10.a4 c5 11.Rd1 cxd4 12.exd4 Qc7 13.Qe2 Re8 14.Bg5 h6 15.Bh4 b6
16.Bd3 Bb7 17.Rac1 Bxf3 18.Qxf3 Bxh2+ 19.Kh1 Qf4 20.Qh3 g5 21.Qxh2 Qxh4 22.Qxh4 gxh4
23.Kh2 Kh8 24.Rh1 Rg8 25.Kg1 Rg4 26.Ne2 Rag8 27.Rh2 Nd5 28.f3 R4g5 29.Kf2 Nb4
30.Bb1 Nf6 31.Rg1 Rh5 32.Rgh1 Rhg5 33.Rg1 Rh5 34.Rgh1 Rd8 35.Rxh4 Rxh4 36.Rxh4 Kg7
37.Rh1 Nc6 38.Rd1 Nd5 39.g4 Ndb4 40.Be4 b5 41.axb5 axb5 42.Ke3 Na5 43.b3 Nd5+
44.Bxd5 Rxd5 45.Nc3 Rd8 46.b4 Nc6 47.Nxb5 Nxb4 48.Rc1 Ra8 49.Nc3 Rc8 50.Ne2 Nd5+
51.Ke4 Ra8 52.Nf4 Nf6+ 53.Ke3 Ra3+ 54.Kf2 Ra2+ 55.Ke3 Ra3+ 56.Kf2 Ra2+ 57.Ke3 Ra3+  1/2-1/2

[Event "XXIV Open"]
[Site "Cappelle La Grande FRA"]
[Date "2008.02.18"]
[Round "3"]
[White "Renet,O"]
[Black "Kuipers,S"]
[Result "1-0"]
[WhiteElo "2513"]
[BlackElo "2302"]

1.d4 d5 2.c4 c6 3.Nf3 Nf6 4.Nc3 e6 5.e3 Nbd7 6.Bd3 dxc4 7.Bxc4 b5 8.Be2 Bb7
9.O-O a6 10.e4 b4 11.e5 bxc3 12.exf6 cxb2 13.fxg7 Bxg7 14.Bxb2 O-O 15.Rb1 c5
16.dxc5 Bxb2 17.Rxb2 Nxc5 18.Qc1 Qf6 19.Rb4 Rac8 20.Qe3 Bd5 21.Ne5 Qe7 22.Rg4+ Kh8
23.Rc1 f6 24.Rxc5 Qxc5 25.Ng6+ Kg7 26.Nxf8+ Kxf8 27.Qh6+ Ke7 28.Rg7+ Kd6
29.Qf4+ Kc6 30.Bxa6  1-0

[Event "XXIV Open"]
[Site "Cappelle La Grande FRA"]
[Date "2008.02.18"]
[Round "3"]
[White "Vul,A"]
[Black "Kharitonov,Alexandr"]
[Result "1/2-1/2"]
[WhiteElo "2337"]
[BlackElo "2524"]

1.Nf3 Nf6 2.c4 e6 3.Nc3 d5 4.d4 c6 5.e3 Nbd7 6.Bd3 dxc4 7.Bxc4 b5 8.Bd3 Bd6
9.O-O O-O 10.Ne4 Nxe4 11.Bxe4 Bb7 12.Bd2 a6 13.Rc1 Rc8 14.b4 Qe7 15.a3 f5
16.Bb1 e5 17.e4 fxe4 18.Bxe4 h6 19.Qb3+ Kh8 20.Rfe1 Qf6 21.Bc3 Rce8 22.Qb2 Bb8  1/2-1/2

[Event "XXIV Open"]
[Site "Cappelle La Grande FRA"]
[Date "2008.02.18"]
[Round "3"]
[White "De Verdier,M"]
[Black "Vera Gonzalez Quevedo,R"]
[Result "1/2-1/2"]
[WhiteElo "2147"]
[BlackElo "2495"]

1.d4 Nf6 2.Nf3 d5 3.c4 c6 4.e3 e6 5.Nc3 Nbd7 6.Qc2 Bd6 7.g4 h6 8.Bd2 dxc4
9.Bxc4 b5 10.Be2 Bb7 11.Rg1 Rc8 12.h4 b4 13.Na4 c5 14.Nxc5 Nxc5 15.dxc5 Bxc5
16.Qa4+ Bc6  1/2-1/2

[Event "XXIV Open"]
[Site "Cappelle La Grande FRA"]
[Date "2008.02.18"]
[Round "4"]
[White "Dzagnidze,N"]
[Black "Kulaots,K"]
[Result "1-0"]
[WhiteElo "2429"]
[BlackElo "2533"]

1.d4 Nf6 2.c4 e6 3.Nf3 d5 4.Nc3 c6 5.e3 Nbd7 6.Bd3 dxc4 7.Bxc4 b5 8.Bd3 Bb7
9.O-O a6 10.e4 c5 11.d5 Qc7 12.Qe2 c4 13.Bc2 Bd6 14.Bg5 e5 15.Nd2 h6 16.Be3 O-O
17.Rfc1 Bc5 18.a4 Qb6 19.Nd1 Rfc8 20.Bxc5 Qxc5 21.Ne3 g6 22.Ra3 h5 23.Rc3 Nb6
24.Bd1 Qb4 25.Qf3 Nfd7 26.Qh3 Qxb2 27.Bxh5 Qxd2 28.Bxg6 Nf8 29.Bxf7+ Kxf7
30.Qf5+ Ke8 31.Qxe5+ Kd8 32.Qf6+ Kc7 33.Qf4+  1-0

[Event "XXIV Open"]
[Site "Cappelle La Grande FRA"]
[Date "2008.02.18"]
[Round "4"]
[White "Shneider,Alek"]
[Black "Petrosian,TL"]
[Result "1/2-1/2"]
[WhiteElo "2532"]
[BlackElo "2606"]

1.d4 d5 2.c4 c6 3.Nc3 Nf6 4.e3 e6 5.Nf3 Nbd7 6.Qc2 Bd6 7.b3 O-O 8.Be2 Qe7
9.O-O b6 10.e4 Nxe4 11.Nxe4 dxe4 12.Qxe4 Bb7 13.Bf4 Bxf4 14.Qxf4 c5 15.Rad1 Nf6
16.Ne5 Rad8 17.Bf3 Bxf3 18.Qxf3 Qc7 19.Qe3 cxd4 20.Rxd4 Rxd4 21.Qxd4 Rd8
22.Qe3 Qd6 23.h3 Nd7 24.Nxd7 Rxd7 25.Rc1 Qc5 26.Qxc5 bxc5 27.Re1 Kf8 28.Re5 Rc7
29.Kf1 Ke7 30.Ke2 Rc6 31.Kd3 f6 32.Re1 Ra6 33.Ra1 e5 34.Kc3 f5 35.a3 e4 36.Rd1 Rxa3
37.Rd5 Ke6 38.Kb2 Ra5 39.h4 g6 40.f3 Ra6 41.Rxc5 Rd6 42.fxe4 fxe4 43.Kc2 e3
44.Ra5 Rd2+ 45.Kc3 Rd7 46.Kc2 Rd2+ 47.Kc3 Rd1 48.Ra2 Kf5 49.c5 Ke4 50.c6 Rd3+
51.Kc4 Rd6 52.Kc5 Rd2 53.Ra4+ Kd3 54.Rd4+ Kc2 55.c7 e2 56.Rc4+ Kd1 57.c8=Q e1=Q
58.Qg4+ Qe2 59.b4 h5 60.Qxe2+ Kxe2 61.g4 Kf3 62.gxh5 gxh5 63.b5 Kg3 64.Ra4 Rd7
65.Kc6 Rg7 66.Kd6 Rf7 67.Kc6 Rf6+ 68.Kc5 Rf5+ 69.Kc6 Rf7 70.Kd6 Kh3 71.Kc6 Rg7
72.Kd6 Rb7 73.Kc6 Rb6+ 74.Kc5 Rb7 75.Kc6 Rb6+ 76.Kc5  1/2-1/2

[Event "10th TCh-Euro sen"]
[Site "Dresden GER"]
[Date "2008.02.18"]
[Round "8"]
[White "Feavyour,J"]
[Black "Taksrud,V"]
[Result "1-0"]
[WhiteElo "2094"]
[BlackElo "2164"]

1.d4 d5 2.c4 c6 3.Nf3 Nf6 4.Nc3 e6 5.e3 Nbd7 6.Qc2 Bd6 7.b3 O-O 8.Bd3 e5
9.cxd5 cxd5 10.dxe5 Nxe5 11.Bb2 Nxf3+ 12.gxf3 d4 13.Ne4 Bb4+ 14.Ke2 Nd5 15.Qc4 dxe3
16.fxe3 f5 17.Qd4 Rf7 18.Rhg1 Bf8 19.Ng5 Rf6 20.Bc4 Rd6 21.Rad1 h6 22.Bxd5+ Rxd5
23.Qxd5+ Qxd5 24.Rxd5 hxg5 25.Rd8 Kf7 26.Rc1  1-0

[Event "10th TCh-Euro sen"]
[Site "Dresden GER"]
[Date "2008.02.18"]
[Round "8"]
[White "Neudel,B"]
[Black "Crombleholme,A"]
[Result "0-1"]
[WhiteElo "1952"]
[BlackElo "2101"]

1.d4 Nf6 2.Nf3 d5 3.c4 c6 4.e3 e6 5.Nc3 Nbd7 6.Bd3 Bd6 7.O-O O-O 8.b3 Re8
9.Bb2 b6 10.Re1 dxc4 11.Bxc4 Bb7 12.e4 b5 13.Bd3 e5 14.Ne2 Qb6 15.Qd2 Rad8
16.b4 exd4 17.Nexd4 Ne5 18.a3 c5 19.bxc5 Bxc5 20.Nxe5 Bxd4  0-1

[Event "79th ch-GER"]
[Site "Bad Woerishofen GER"]
[Date "2008.02.19"]
[Round "5"]
[White "Levin,F"]
[Black "Schuetze,N"]
[Result "1-0"]
[WhiteElo "2563"]
[BlackElo "2317"]

1.d4 d5 2.c4 c6 3.Nc3 Nf6 4.e3 e6 5.Nf3 Nbd7 6.Bd3 dxc4 7.Bxc4 b5 8.Be2 a6
9.e4 b4 10.e5 bxc3 11.exf6 cxb2 12.fxg7 Bxg7 13.Bxb2 Qa5+ 14.Nd2 Rb8 15.Qc2 c5
16.Bc3 Qc7 17.d5 Bxc3 18.Qxc3 Qe5 19.Qxe5 Nxe5 20.f4 Ng6 21.dxe6 fxe6 22.g3 Ke7
23.Nc4 Bd7 24.O-O Rb4 25.Rac1 Bb5 26.Rc3 Rd8 27.a3 Bxc4 28.Bxc4 Rb2 29.Rf2 Rxf2
30.Kxf2 Rd2+ 31.Be2 Kd6 32.Rd3+ Rxd3 33.Bxd3 a5 34.Bxg6 hxg6 35.h4 e5 36.Ke3 Kd5
37.g4 exf4+ 38.Kxf4 a4 39.h5 gxh5 40.gxh5 Ke6 41.Ke4 Kf6 42.Kd5 Kg5 43.Kxc5 Kxh5
44.Kb5 Kg5 45.Kxa4 Kf6 46.Kb5 Ke7 47.Kc6 Kd8 48.Kb7  1-0

[Event "79th ch-GER"]
[Site "Bad Woerishofen GER"]
[Date "2008.02.19"]
[Round "5"]
[White "Bischoff,K"]
[Black "Kunin,V"]
[Result "1/2-1/2"]
[WhiteElo "2537"]
[BlackElo "2538"]

1.d4 d5 2.Nf3 Nf6 3.c4 c6 4.e3 e6 5.Nc3 Nbd7 6.Qc2 Bd6 7.Bd2 O-O 8.h3 e5
9.cxd5 Nxd5 10.Nxd5 cxd5 11.dxe5 Nxe5 12.Be2 Be6 13.Bc3 Rc8 14.Qd2 Qf6 15.Bxe5 Bxe5
16.Nxe5 Qxe5 17.O-O Rc6 18.Rac1 Rfc8 19.Rxc6 bxc6 20.b4 c5 21.bxc5 Rxc5 22.Bd1 Qc3
23.Qxc3 Rxc3 24.Bb3 d4 25.Bxe6 fxe6 26.exd4 Ra3 27.Re1  1/2-1/2

[Event "10th TCh-Euro sen"]
[Site "Dresden GER"]
[Date "2008.02.19"]
[Round "9"]
[White "Titz,Hei"]
[Black "Muratoglu,S"]
[Result "1-0"]
[WhiteElo "2205"]
[BlackElo "2070"]

1.c4 c6 2.Nf3 Nf6 3.Nc3 d5 4.e3 e6 5.d4 Nbd7 6.Qc2 Be7 7.Be2 b6 8.O-O O-O
9.e4 dxe4 10.Nxe4 Bb7 11.Rd1 Qc7 12.Bg5 Rfe8 13.Nc3 Rad8 14.Rd2 c5 15.d5 exd5
16.cxd5 Ne5 17.Bxf6 Bxf6 18.Rad1 a6 19.Ne4 Nd7 20.b4 Qf4 21.bxc5 bxc5 22.Nxf6+ Qxf6
23.Bc4 Nb6 24.Qb3 Rd6 25.a4 Qf4 26.Rc2 Re4 27.a5 Rxc4 28.axb6 Rb4 29.Qe3 Qxe3
30.fxe3 c4 31.Rd4 Rxd5 32.Rxd5 Bxd5 33.Rd2 Rb5 34.b7 f6 35.Rxd5 Rxb7 36.Rc5 Rb1+
37.Kf2 Rb2+ 38.Kf1 Rc2 39.Ne1 Rc1 40.Ra5 c3 41.Rxa6 Kf7 42.Ke2 Kg6 43.Ra2 Rb1
44.Rc2 Rb3 45.Kd3 Rb1 46.Nf3 Kh5 47.Rxc3 g5 48.Rc2 f5 49.Ne5 Rh1 50.g3 Rd1+
51.Rd2 Rf1 52.Rg2 h6 53.Ke2 Ra1 54.Rf2 Ra2+ 55.Kf1 Ra1+ 56.Kg2 Ra3 57.Rxf5  1-0

[Event "Aeroflot Open"]
[Site "Moscow RUS"]
[Date "2008.02.19"]
[Round "6"]
[White "Aleksandrov,A"]
[Black "Le Quang Liem"]
[Result "0-1"]
[WhiteElo "2618"]
[BlackElo "2540"]

1.d4 d5 2.c4 c6 3.Nc3 Nf6 4.e3 e6 5.Nf3 Nbd7 6.Bd3 dxc4 7.Bxc4 b5 8.Bd3 Bd6
9.Bd2 Bb7 10.Ne2 O-O 11.O-O c5 12.Bxb5 Bxf3 13.gxf3 Bxh2+ 14.Kg2 Bd6 15.dxc5 Nxc5
16.Rh1 Rb8 17.Nd4 Nd5 18.b4 Nd7 19.f4 N7f6 20.a4 Rc8 21.Ba6 Rc7 22.b5 Bb4
23.Bxb4 Nxb4 24.Rb1 Nfd5 25.Qg4 Qf6 26.Rh3 Rd8 27.Rbh1 Nxf4+ 28.exf4 Rxd4
29.Rxh7 Kf8 30.Qg5 Rxf4 31.Qxf6 Rxf6 32.Rh8+ Ke7 33.Rb1 Rf4 34.a5 Rc2 35.Bb7 Rc5
36.Ra8 Rxb5 37.Rxa7 Rg5+ 38.Kf1 Kf6 39.Rb3 Rgf5 40.f3 Nd5 41.Kf2 Rd4 42.Bxd5 Rdxd5
43.Ra3 g5 44.Kg3 Rfe5 45.f4 gxf4+ 46.Kxf4 Rd4+ 47.Kg3 Rg5+ 48.Kh3 Rd8 49.Rf3+ Kg6
50.Rg3 Rxg3+ 51.Kxg3 f5 52.a6 Rd3+ 53.Kf2 Ra3 54.Ra8 Kf6 55.Ke2 Ke5 56.Kd2 Ke4
57.Kc2 f4 58.Kb2 Ra5  0-1

[Event "18th ch-IRI"]
[Site "Tehran IRI"]
[Date "2008.02.19"]
[Round "4"]
[White "Dalir,F"]
[Black "Roghani,A"]
[Result "1-0"]
[WhiteElo "2200"]
[BlackElo "2362"]

1.d4 Nf6 2.Nf3 e6 3.c4 d5 4.Nc3 c6 5.e3 a6 6.a4 c5 7.Be2 Nc6 8.O-O b6 9.Ne5 Bb7
10.Nxc6 Bxc6 11.a5 bxa5 12.Bf3 Rc8 13.cxd5 exd5 14.Qe2 cxd4 15.exd4+ Be7
16.Re1 Bb7 17.Bg5 Kf8 18.Rxa5 h6 19.Bd2 Bd6 20.Na4 Ne4 21.Bxe4 dxe4 22.Nc5 Bxc5
23.Rxc5 Rxc5 24.dxc5 Kg8 25.Rd1 Qc8 26.Rc1 Qc6 27.Qg4 f5 28.Qh3 Qd5 29.Bf4 Kh7
30.Qc3 Rd8 31.h4 Rc8 32.b4 Qf7 33.Rd1 Rc6 34.Bd6 Qh5 35.Rd5 Rc8 36.Re5 Qxh4
37.Re7 Qg4 38.Rxb7 Qd1+ 39.Kh2 Qxd6+ 40.g3 Qg6 41.Qd4 Rc6 42.Rd7 Qh5+ 43.Kg1 Qg4
44.Qd5 Rc8 45.Rf7 Rb8 46.Rxf5 Rxb4 47.Rf8 Rb1+ 48.Kg2 Rd1 49.Qg8+ Kg6 50.Rf7 Kh5
51.Qe8 g6 52.Rf4 Qd7 53.Rh4+ Kg5 54.Qe5+ Qf5 55.Qe7+  1-0

[Event "Aeroflot Open"]
[Site "Moscow RUS"]
[Date "2008.02.20"]
[Round "7"]
[White "Jussupow,Ar"]
[Black "Bindrich,F"]
[Result "1/2-1/2"]
[WhiteElo "2585"]
[BlackElo "2497"]

1.d4 d5 2.c4 c6 3.Nc3 Nf6 4.e3 e6 5.Nf3 Nbd7 6.Bd3 Bd6 7.O-O O-O 8.e4 dxc4
9.Bxc4 e5 10.Bg5 Qe7 11.d5 Nb6 12.Bb3 h6 13.Bh4 Bg4 14.h3 Bh5 15.g4 Bg6 16.Nd2 Bb4
17.dxc6 bxc6 18.Qf3 Rfd8 19.Bxf6 gxf6 20.Rad1 Rd4 21.Qe2 Rad8 22.f3 h5 23.Ndb1 Kg7
24.Kg2 hxg4 25.hxg4 f5 26.exf5 Bxf5 27.Rxd4 Rxd4 28.Rh1 Bxb1 29.Rxb1 Nd5
30.Nxd5 cxd5 31.Rd1 Rxd1 32.Qxd1 d4  1/2-1/2

[Event "XXIV Open"]
[Site "Cappelle La Grande FRA"]
[Date "2008.02.21"]
[Round "7"]
[White "Naumkin,I"]
[Black "Kulago,A"]
[Result "1/2-1/2"]
[WhiteElo "2475"]
[BlackElo "2206"]

1.d4 d5 2.c4 e6 3.Nf3 Nf6 4.Nc3 c6 5.e3 Nbd7 6.Bd3 Bd6 7.O-O O-O 8.e4 dxe4
9.Nxe4 Nxe4 10.Bxe4 e5 11.dxe5 Bxe5 12.Nxe5 Nxe5 13.Bxh7+ Kxh7 14.Qh5+ Kg8
15.Qxe5 Re8 16.Qc3 Bg4 17.b3 Be2 18.Re1 Qd3  1/2-1/2

[Event "60th ch-POL w"]
[Site "Krakow POL"]
[Date "2008.02.21"]
[Round "8"]
[White "Dworakowska,J"]
[Black "Czarnota,D"]
[Result "1/2-1/2"]
[WhiteElo "2353"]
[BlackElo "2214"]

1.Nf3 d5 2.d4 Nf6 3.c4 c6 4.Nc3 e6 5.e3 Nbd7 6.Qc2 Bd6 7.Be2 O-O 8.O-O dxc4
9.Bxc4 a6 10.Rd1 b5 11.Be2 Qc7 12.b3 Bb7 13.a4 e5 14.Bb2 Rfe8 15.dxe5 Nxe5
16.Ng5 Ng6 17.h3 Rad8 18.Bd3 Qe7 19.Nce4 Nxe4 20.Nxe4 Bb8 21.Nc5 Qc7 22.Bxg6 hxg6
23.Nxb7 Qxb7 24.Rxd8 Rxd8 25.Rd1 Qc7 26.Rxd8+ Qxd8 27.Bd4 Qd5 28.axb5 axb5
29.Qc3 Bd6 30.b4 Qa2 31.g3 Qb1+ 32.Kg2 Qxb4 33.Qxc6 Bf8 34.Qd5 Qb1 35.e4 b4
36.e5 Qd3 37.e6 Qf5 38.exf7+ Qxf7 39.Qa8 b3 40.Bb2 Qc4 41.Ba3 Qf7 42.Qb8 Qd5+
43.Kg1 Qd1+ 44.Kg2 Qd5+ 45.Kg1 Qd1+  1/2-1/2

[Event "79th ch-GER"]
[Site "Bad Woerishofen GER"]
[Date "2008.02.22"]
[Round "8"]
[White "Gschnitzer,O"]
[Black "Naumann,A"]
[Result "1-0"]
[WhiteElo "2408"]
[BlackElo "2541"]

1.Nf3 d5 2.d4 Nf6 3.c4 c6 4.Nc3 e6 5.e3 a6 6.c5 b6 7.cxb6 Nbd7 8.Bd3 c5 9.O-O Nxb6
10.e4 Bb7 11.Bg5 cxd4 12.Nxd4 Be7 13.e5 Nfd7 14.Bxe7 Qxe7 15.Re1 O-O 16.Qh5 g6
17.Qh6 f5 18.Rad1 Rac8 19.Re3 Rfe8 20.h4 Qg7 21.Qxg7+ Kxg7 22.Nce2 Kf7 23.Nf4 h6
24.g4 Nc5 25.h5 g5 26.Nfxe6 Nxd3 27.gxf5 Nc1 28.Rc3 Rxc3 29.bxc3 Nc4 30.Rxc1 Nxe5
31.Rb1 Bc8 32.Nc7 Rd8 33.Rb6 Rd7 34.Nxa6 Ra7 35.Nb4 Rc7 36.Nb5 Rc5 37.Nd6+ Ke7
38.Nxc8+ Rxc8 39.Nxd5+ Kf8 40.Rxh6 Rc4 41.Re6 Nf3+ 42.Kf1  1-0

[Event "79th ch-GER"]
[Site "Bad Woerishofen GER"]
[Date "2008.02.23"]
[Round "9"]
[White "Bischoff,K"]
[Black "Buhmann,R"]
[Result "1/2-1/2"]
[WhiteElo "2537"]
[BlackElo "2570"]

1.c4 c6 2.d4 d5 3.e3 Nf6 4.Nc3 e6 5.Nf3 a6 6.b3 Bb4 7.Bd2 O-O 8.Qc2 Nbd7
9.g3 Qe7 10.Bg2 e5 11.cxd5 cxd5 12.O-O e4 13.Ne5 Re8 14.Rad1 Bd6 15.f4  1/2-1/2

[Event "XXIV Open"]
[Site "Cappelle La Grande FRA"]
[Date "2008.02.23"]
[Round "9"]
[White "Zubarev,Al1"]
[Black "Erdos,V"]
[Result "0-1"]
[WhiteElo "2491"]
[BlackElo "2575"]

1.c4 Nf6 2.Nf3 c6 3.Nc3 d5 4.d4 e6 5.e3 a6 6.b3 Bb4 7.Bd2 Nbd7 8.Bd3 Qe7
9.Ne5 Nxe5 10.dxe5 Nd7 11.f4 f6 12.exf6 Nxf6 13.O-O O-O 14.Qc2 Bd6 15.e4 Bc5+
16.Kh1 Ng4 17.g3 Nf2+ 18.Kg2 Nxd3 19.Qxd3 b5 20.cxd5 cxd5 21.e5 Bb7 22.h4 Rac8
23.Rad1 Bc6 24.Ne2 Be8 25.Be3 Ba3 26.Nd4 Bb2 27.Qe2 Bxd4 28.Bxd4 Bg6 29.Rc1 Be4+
30.Kh2 h6 31.Qe3 Qf7 32.Bc5 Rfe8 33.Qe2 Qf5 34.Rfd1 Rc6 35.b4 Rc7 36.Rc3 Rec8
37.Rdc1 Rf7 38.h5 Rd7 39.Rd1 d4 40.Rxd4  0-1

[Event "Breizh Masters A"]
[Site "Guingamp FRA"]
[Date "2008.02.23"]
[Round "2"]
[White "Dumitrache,D"]
[Black "Flear,G"]
[Result "1-0"]
[WhiteElo "2495"]
[BlackElo "2493"]

1.d4 d5 2.c4 e6 3.Nf3 Nf6 4.Nc3 c6 5.e3 Nbd7 6.Qc2 Bd6 7.b3 O-O 8.Be2 dxc4
9.bxc4 e5 10.O-O Re8 11.a4 exd4 12.exd4 Nf8 13.Ba3 Bxa3 14.Rxa3 Bg4 15.Qd2 Ne6
16.d5 Qd6 17.Rb3 Nc5 18.Rb2 Rad8 19.h3 Bc8 20.Rd1 Nfe4 21.Nxe4 Nxe4 22.Qc2 Qc5
23.Bd3 cxd5 24.Rb5 Qc7 25.Rxd5 Nf6 26.Rxd8 Rxd8 27.Ng5 g6 28.c5 Rd5 29.Qc3 Qe7
30.Nf3 Rxc5 31.Qd4 Be6 32.Re1 Rd5 33.Qc3 Nd7 34.Bc4 Rc5 35.Qb4 a5 36.Qa3 Nf8
37.Nd2 Rc7 38.Qa1 Qb4 39.Ne4 Rxc4 40.Nf6+ Kh8 41.Nd5+ Kg8 42.Nxb4 Rxb4 43.Qf6 Rxa4
44.Rd1 Rc4 45.Rd8 Rc8 46.Rxc8 Bxc8 47.Qd8 Bd7 48.Qxa5 h5 49.Qd8 Kg7 50.f3 Bc6
51.h4 Ne6 52.Qe7 Nf8 53.Kf2 Ne6 54.Ke3 Kg8 55.g4 hxg4 56.fxg4 Kg7 57.Kf2 Bh1
58.Kg3 Bc6 59.Qb4 Kg8 60.Qc3 Bh1 61.Qe5 Bc6 62.Qf6 Bh1 63.Qe5 Bc6 64.h5 gxh5
65.gxh5 Kh7 66.Kg4 Bd7 67.Kf5 Ng7+ 68.Kg5 Be6 69.Qe4+ Nf5 70.Qxb7 Nh6 71.Qb8 Kg7
72.Qd8  1-0

[Event "1st Pfalz Open"]
[Site "Neustadt a.d. Weinstrasse GER"]
[Date "2008.02.23"]
[Round "9"]
[White "Khenkin,I"]
[Black "Greenfeld,A"]
[Result "1/2-1/2"]
[WhiteElo "2602"]
[BlackElo "2559"]

1.d4 d5 2.c4 c6 3.e3 Nf6 4.Nc3 e6 5.Nf3 a6 6.c5 Nbd7 7.b4 g6 8.Bb2 Bg7 9.h3 a5
10.a3 O-O 11.Bd3 Qc7 12.Na4 Ne4 13.Bxe4 dxe4 14.Ng5 axb4 15.axb4 Nf6 16.Qc2 Nd5
17.Nxe4 e5 18.Qd2 f5 19.Nd6 exd4 20.exd4 Qe7+ 21.Qe2 Qxe2+ 22.Kxe2 Be6 23.Rhe1 Nxb4
24.Nb6 Rxa1 25.Rxa1 Nc2 26.Rd1 f4 27.Nxb7 f3+ 28.gxf3 Bxh3 29.Nd6 Bg2 30.Rd3 h5
31.Nd7 Ra8 32.Ne5 Ra2 33.Ndc4 h4 34.Rd2 Nb4 35.Ng4 Nd5 36.Nce5 Nf4+ 37.Ke3 Nd5+
38.Ke4 Bxe5 39.dxe5  1/2-1/2

[Event "25th Festival Open A"]
[Site "Bled SLO"]
[Date "2008.02.24"]
[Round "3"]
[White "Kosir,F"]
[Black "Kozamernik,J"]
[Result "1/2-1/2"]
[WhiteElo "2107"]
[BlackElo "2221"]

1.Nf3 d5 2.d4 Nf6 3.c4 c6 4.e3 e6 5.Nc3 Nbd7 6.Qc2 Bd6 7.Be2 O-O 8.b3 e5
9.dxe5 Nxe5 10.Nxe5 Bxe5 11.Bb2 Ne4 12.Nxe4 Bxb2 13.Qxb2 dxe4 14.O-O Qe7  1/2-1/2

[Event "25th Festival Open A"]
[Site "Bled SLO"]
[Date "2008.02.24"]
[Round "3"]
[White "Simic,Mi"]
[Black "Bulatovic,M"]
[Result "1/2-1/2"]
[WhiteElo "2140"]
[BlackElo "2031"]

1.d4 d5 2.c4 e6 3.Nc3 c6 4.Nf3 Nf6 5.e3 a6 6.c5 b6 7.cxb6 Qxb6 8.Na4 Qc7
9.Qc2 Nbd7 10.Bd2 Bd6 11.Rc1 Bb7 12.Bd3 Rc8 13.b4 h5 14.Bc3 O-O 15.Nc5 Bxc5
16.bxc5 Ra8 17.O-O a5 18.Rb1 Ba6 19.Bxa6 Rxa6 20.Rb3 a4 21.Rb4 Rfa8 22.Rfb1 Ne4
23.a3 f6 24.Rb7 Qd8 25.Ne1 f5 26.Nd3 h4 27.Nb4 h3 28.g3 Kh7 29.Nxa6 Rxa6
30.f3 Ng5 31.Qe2 Ra8 32.Kh1 Kg6 33.g4 fxg4 34.Rg1 Nf6 35.f4 Nge4 36.Rxg4+ Kf5
37.Rbxg7 Ne8 38.R4g5+ Nxg5 39.Rxg5+ Kf6 40.Qh5 Qb8 41.Bb4 Qb5 42.Rg6+ Ke7
43.Qxh3 Kd8 44.Rxe6 Rc8 45.Kg1 Qe2 46.Ba5+ Rc7 47.Qh4+ Kd7 48.Re7+ Kc8 49.Rxe8+ Kb7
50.Bxc7 Qd1+ 51.Kg2 Qe2+ 52.Kg3 Qd1 53.Bd6 Qg1+ 54.Kh3 Ka6 55.Qg3 Qd1 56.Ra8+ Kb5
57.Rb8+ Ka6 58.Rb6+ Ka5 59.Qf2 Qg4+  1/2-1/2

[Event "XI Open"]
[Site "Malaga ESP"]
[Date "2008.02.24"]
[Round "3"]
[White "Mirzoev,A"]
[Black "Gutierrez Castillo,P"]
[Result "1-0"]
[WhiteElo "2518"]
[BlackElo "2146"]

1.d4 d5 2.c4 e6 3.Nc3 c6 4.e3 Nf6 5.Nf3 Nbd7 6.Qc2 Bd6 7.b3 O-O 8.Be2 b6
9.O-O Bb7 10.e4 dxe4 11.Nxe4 Nxe4 12.Qxe4 Nf6 13.Qh4 c5 14.Bb2 Ne4 15.Qh5 Nf6
16.Qh3 Be4 17.Rad1 Bf5 18.Qh4 Ne4 19.dxc5 Qxh4 20.Nxh4 Bxc5 21.g4 Bg6 22.Nxg6 fxg6
23.Rd7 Nf6 24.Rb7 Rf7 25.Rxf7 Kxf7 26.Rd1 Ke7 27.Kg2 Rc8 28.Bf3 g5 29.h3 a5
30.Kf1 Rc7 31.Ke2 Ra7 32.Bc6 Rc7 33.Bb5 Ne4 34.Be5 Ra7 35.Rf1 g6 36.Bc6 Nd6
37.f3 Nf7 38.Bb2 Rc7 39.Bb5 Nd6 40.Ba4 Kf8 41.Rd1 Ke7 42.Rd3 Nf7 43.Kd1 Nd8
44.Be5 Ra7 45.Kc2 Nf7 46.Bc3 e5 47.Bc6 Bd6 48.Bd2 Bc5 49.Bd5 h6 50.Bc3 Kf6
51.Kb2 Nd8 52.a3 Ne6 53.Bxe6 Kxe6 54.b4 axb4 55.axb4 Bd6 56.Kb3 Rf7 57.Ka4 Rf4
58.Kb5 e4 59.fxe4 Rxe4 60.Bd4 Bc7 61.Re3 Rxe3 62.Bxe3 Ke5 63.Bxb6 Bb8 64.Kc6 Ke4
65.Bc7 Ba7 66.c5  1-0

[Event "25th Festival Open A"]
[Site "Bled SLO"]
[Date "2008.02.25"]
[Round "4"]
[White "Martinovic,Sa"]
[Black "Kersic,M"]
[Result "1-0"]
[WhiteElo "2363"]
[BlackElo "2199"]

1.d4 d5 2.c4 c6 3.Nc3 Nf6 4.e3 e6 5.Nf3 Be7 6.Bd3 O-O 7.O-O Nbd7 8.b3 b6
9.Bb2 Bb7 10.Qe2 Rc8 11.Rad1 Qc7 12.Ne5 Nxe5 13.dxe5 Nd7 14.f4 g6 15.Qg4 Rcd8
16.cxd5 cxd5 17.Nb5 Qb8 18.Nd4 Nc5 19.Ba3 Rde8 20.Bb1 Ne4 21.Bxe7 Rxe7 22.Bxe4 dxe4
23.h4 f5 24.exf6 Rxf6 25.Qg5 Qf8 26.h5 h6 27.Qe5 gxh5 28.Qxh5 Rg7 29.Qe5 Qf7
30.Rf2 Kh7 31.Rc1 Qe7 32.Rfc2 Rfg6 33.f5 exf5 34.Qxe7 Rxe7 35.Nxf5 Re5 36.Rc7+ Kh8
37.Nh4  1-0